000
00320nam a22001457a 4500
003
OSt
005
20220126102902.0
008
220126b |||||||| |||| 00| 0 eng d
020
_a
3800947021
040
_c
H U
082
_a
621.31
100
_a
Siemens
_9
28661
245
_a
Generators - Motors
942
_2
ddc
_c
BOOKS
_n
0
999
_c
27902
_d
27902